Manifiesto anarcafeminista /

Postulado en que se aboga por el anarcafeminismo, es decir, un feminismo sin jerarquías ni gobernantes, que sea incluyente a las mujeres negras, lesbianas, queer, trans, masculinas, etc., como la única forma de combatir la opresión, la violencia de género u otras formas de dominación.

Kaydedildi:
Detaylı Bibliyografya
Yazar: Bottici, Chiara (autor)
Diğer Yazarlar: Llevadot, Laura (traducción) (traducción), Valls Boix, Juan Evaristo (traducción) (traducción)
Materyal Türü: Kitap
Dil:İspanyolca
Baskı/Yayın Bilgisi: Barcelona, España : Ned, 2021, c2021
Konular:
Etiketler: Etiketle
Etiket eklenmemiş, İlk siz ekleyin!

MARC

LEADER 00000nam^a2200000^a^4500
001 000585223
005 20250521000000.0
009 20260310132725.138
020 |a 978-84-18273-50-6 
037 |a Acervo ITESO - Biblioteca 
041 |a ESP 
082 |a 305. 42  |b BOT 
100 |a Bottici, Chiara  |e (autor) 
245 1 0 |a Manifiesto anarcafeminista /  |c C. Bottici ; tr. por L. Llevadot, J.E. Valls Boix. 
264 4 |a Barcelona, España :  |b Ned,  |c 2021, c2021 
300 |a 77 p. 
336 |a texto  |b txt  |2 rdacontenido 
337 |a sin mediación  |b n  |2 rdamedio 
338 |a volumen  |b nc  |2 rdasoporte 
520 |a Postulado en que se aboga por el anarcafeminismo, es decir, un feminismo sin jerarquías ni gobernantes, que sea incluyente a las mujeres negras, lesbianas, queer, trans, masculinas, etc., como la única forma de combatir la opresión, la violencia de género u otras formas de dominación. 
521 |a Peticiones 2024 
649 |a XX 
650 |a Mujeres -  |x Condiciones Políticas 
650 |a Transexuales -  |x Condiciones Políticas 
650 |a Negros -  |x Condiciones Políticas 
650 |a Cuerpo Humano -  |x Aspectos Políticos 
650 |a Opresión 
650 |a Racismo 
650 |a Homofobia 
650 |a Patriarcado 
650 |a Discriminación de Género 
650 |a Transexualismo 
650 |a Homosexualidad 
650 |a Feminismo -  |x Tema Principal 
650 |a Anarquismo -  |x Tema Principal 
650 |a Género 
650 |a Política -  |x Teoría 
700 |a Llevadot, Laura  |e (traducción) 
700 |a Valls Boix, Juan Evaristo  |e (traducción) 
910 |a Fondo General 
920 |a Impresos - Libros 
930 |a Colección General 
905 |a 101 
901 |a 0500413275  |b IT1  |c ACC  |i C186339  |u 20250521 
902 |a https://opac.biblio.iteso.mx/vufind/Record/000585223